{"text_format":"3","workbook":"xlsx","n_sheets":1,"sheets":["Sheet1"],"read":"whole","date_system":"1900"}

{"sheet":"Sheet1","index":0,"n_rows":108,"n_cols":7,"rows_kept":108,"merged":[[0,0,0,6],[105,0,105,3],[105,4,105,6],[107,0,107,10]]}
["2025-2026-2 动物工程系 实验实训耗材-医疗耗材 采购清单"]
["序号","耗材名称","耗材规格","耗材单位","耗材数量","参考单价（元）","单项控制价（元）"]
[1,"一次性手术衣",null,"件",1130,3,{"$f":"E3*F3","v":3390}]
[2,"一次性橡胶手套",null,"副",1940,1.5,2910]
[3,"一次性TPE手套",null,"盒",12,20,240]
[4,"一次性注射器","5毫升","支",650,1,650]
[5,"一次性口罩",null,"只",1300,0.5,650]
[6,"输液针头","紫色针头","包",6,50,300]
[7,"尸体袋",null,"只",150,2,300]
[8,"新洁尔灭","200ml/瓶","瓶",20,15,300]
[9,"碘伏消毒液","500毫升/瓶","瓶",{"$f":"5+5","v":10},8,80]
[10,"单面刀片","38*19mm\n","盒 \n",10,3,30]
[11,"刀片","盒","盒",1,20,20]
[12,"消毒纱布","30包/袋","袋",3,60,180]
[13,"人（女性）橡胶导尿管",null,"根",30,8,240]
[14,"兔开口器（木质）",null,"个",16,10,160]
[15,"一次性剃毛刀",null,"个",10,2,20]
[16,"移液器","大龙，10ml","个",5,200,1000]
[17,"微量震荡仪","其林贝尔MH-2","台",4,600,2400]
[18,"采样棉签","独立无菌包装部","袋",5,20,{"$f":"E20*F20","v":100}]
[19,"吸量管","3毫升，塑料一次性","袋",10,8,80]
[20,"60目尼龙网","1.2米宽","张",5,20,100]
[21,"5毫升玻璃瓶","透明的，带塞子","个",100,0.5,50]
[22,"称量盘","8cm直径，托盘天平上面的小圆托盘","个",20,2,40]
[23,"麦氏虫卵计数板","研究型","个",2,700,1400]
[24,"盖玻片","18*18mm","盒",5,2,10]
[25,"载玻片含盖玻片",null,"盒",65,8,520]
[26,"黄枪头","200微升","袋",50,20,1000]
[27,"涂布棒",null,"根",20,3,60]
[28,"白大褂",null,"件",25,40,1000]
[29,"温湿度计",null,"个",1,10,{"$f":"E31*F31","v":10}]
[30,"五金维修工具","爱瑞德充电电钻家用工具箱全套","套",1,150,200]
[31,"外科手术刀片","23号、10片/包","包",20,3,60]
[32,"利器盒",null,"只",20,10,200]
[33,"坩埚","30ml","个",50,5,{"$f":"E35*F35","v":250}]
[34,"实验室用刻度量杯","无盖、白色、透明、带刻度1L（塑料）","个",10,5,{"$f":"E36*F36","v":50}]
[35,"亚克力直尺","20cm","个",30,2,{"$f":"E37*F37","v":60}]
[36,"定性滤纸","12.5cm(高速滤纸）","盒",50,10,{"$f":"E38*F38","v":500}]
[37,"吸水纸","100张/盒","盒",20,3.5,75]
[38,"塑料96孔板","底部110度","个",1000,0.3,{"$f":"E40*F40","v":300}]
[39,"甲醛检测试剂盒",null,"盒",280,1,280]
[40,"分贝仪","30-130dB，精确度±2dB","个",1,50,50]
[41,"气体测试仪","四合一，氧气，一氧化碳，硫化氢，可燃","个",1,248,248]
[42,"水质氨氮检测纸","0-100mg/L","10条/盒",5,30,150]
[43,"量筒","10ml（A级）","个",20,7,140]
[44,"量筒","50ml（A级）","个",20,8,160]
[45,"量筒","100ml（A级）","个",20,9,180]
[46,"量筒","1000ml（A级）","个",5,35,175]
[47,"试管","20*200mm","个",50,2,100]
[48,"烧杯","50ml","个",50,3,150]
[49,"烧杯","500ml","个",30,6,180]
[50,"移液管","1ml（A级）","个",15,15,225]
[51,"移液管","2ml（A级）","个",15,15,225]
[52,"移液管","5ml（A级）","个",15,15,225]
[53,"移液管","10ml（A级）","个",15,15,225]
[54,"移液管","15ml（A级）","个",15,15,225]
[55,"刻度移液管","10ml（A级）","个",15,15,225]
[56,"角膜塑形镜专用冲洗瓶","500ml","个",20,7,140]
[57,"称量纸","100*100","500张/包",20,5,100]
[58,"容量瓶（透明）","50ml（A级）","个",100,4,400]
[59,"容量瓶（透明）","100ml（A级）","个",100,4,400]
[60,"容量瓶（透明）","1000ml（A级）","个",5,25,125]
[61,"实验用探针","针头直径1.5mm手柄直径3.5mm长约135mm","个",40,1.5,60]
[62,"镊子","16cm","个",40,9,360]
[63,"200uL移液枪","大龙","个",10,200,2000]
[64,"10uL移液枪",null,"个",10,200,2000]
[65,"抗凝管",null,"个",100,5,500]
[66,"实验犬",null,"只",1,100,100]
[67,"白枪头",null,"盒",10,50,500]
[68,"伍德氏灯",null,"个",1,30,30]
[69,"100uL移液枪","大龙","个",10,50,500]
[70,"一次TPE手套","大码加厚，200只一盒","盒",10,20,200]
[71,"药敏试纸",null,"盒",5,20,100]
[72,"点火丝","0.12mm300根","盒",2,7,14]
[73,"棉线","把（1000根）","把",1,15,15]
[74,"偏钒酸铵","100g","瓶",1,160,160]
[75,"氯化钠分析纯","500克/瓶","瓶",10,20,200]
[76,"氯化钠","500克/瓶","瓶",5,15,{"$f":"E78*F78","v":75}]
[77,"沙门菌生化鉴定管","海博生物","盒",10,180,1800]
[78,"沙门菌菌种",null,"管",1,80,80]
[79,"普泰FCV猫杯状病毒胶体金测试纸条","整盒，10片装","10条/盒",1,240,240]
[80,"普泰FPV猫瘟病毒胶体金测试纸条","整盒，10片装","10条/盒",1,180,180]
[81,"大宠爱内外同驱塞拉菌素溶液","45mg整盒3支","3支/盒",1,229,229]
[82,"海乐妙幼猫体内驱虫","14mg整盒3片","3片/盒",1,107,107]
[83,"福来恩猫用复方非泼罗尼滴剂","整盒3支","3支/盒",1,185,185]
[84,"妙三多猫三联疫苗",null,"瓶",3,68,204]
[85,"宠必威*锐必威狂犬疫苗",null,"瓶",2,40,80]
[86,"猫病毒检测卡","狂犬、弓形虫、猫瘟、猫杯状、猫疱疹/猫鼻支、猫冠状各一盒","盒",6,17,102]
[87,"疫苗","马立克、新城疫、法氏囊、传染性支气管炎（h120、h52）、\n鸡痘(200-500羽）带稀释液","瓶",1,80,80]
[88,"琼脂培养基",null,"个",260,5,1300]
[89,"鸡新城疫抗原",null,"瓶",20,300,6000]
[90,"枸橼酸钠抗凝剂",null,"瓶",2,40,80]
[91,"速眠新","2毫升/支","盒",4,20,80]
[92,"阿托品","10支/盒","盒",5,15,75]
[93,"解磷碇","10支/ 盒","盒",5,20,100]
[94,"称量瓶","40x25","个",30,4,120]
[95,"缝合线","10号","盒",1,50,50]
[96,"无水乙醚","500毫升/瓶","瓶",6,50,300]
[97,"间苯三酚","100mL","瓶",4,70,280]
[98,"蔗糖溶液","0.3g/ml","瓶",1,40,40]
[99,"敌百虫","100片/ 瓶","瓶",2,15,30]
[100,"大肠杆菌",null,"支",6,50,300]
[101,"葡萄球菌",null,"支",6,50,300]
[102,"清欢","过硫酸氢钾消毒剂","盒",4,75,300]
[103,"各种原料各500克","玉米、次粉、麸皮、米糠、清糠、豆粕、棉籽粕、\n菜籽粕、花生仁粕、玉米蛋白粉、玉米胚芽粕、","克","各500克",5,100]
["总控制价（元）：",{"$nulls":3},{"$f":"SUM(G3:G105)","v":42819}]
[]
["注：1.此表单价为参考价格，报价不得超过控制价；2.可将此表修改为报价单，但其中序号、耗材品名、型号规格、单位、数量不得修改。"]